00448nam a2200145Ia 4500008004100000020001800041082001400059100001700073245002900090260000900119500002100128942000700149952013100156999001500287260604s9999 xx 000 0 und d a9781412951456 a001.4 CLA aCLARK935120 0aTHE MIXED METHODS READER bSAGE aResearch, Reader cBK 00104070aIIMVbIIMVcLOCKERd2026-06-04g16378.50l0o001.4 CLAp003496r2026-06-04 10:18:04v16378.50w2026-06-04yBKBCLA c7878d7878